| 000 | 00383nam a2200121Ia 4500 | ||
|---|---|---|---|
| 008 | 220615s9999||||xx |||||||||||||| ||und|| | ||
| 245 | 0 | _aSymptoms of Parkinson's Disease | |
| 546 | _aEnglish[eng] | ||
| 650 | _aNeurology & clinical neurophysiology | ||
| 700 | _aQayyum Rana, Abdul | ||
| 856 | _uhttps://mts.intechopen.com/storage/books/436/authors_book/authors_book.pdf | ||
| 942 | _cEB | ||
| 999 |
_c17050 _d17050 |
||